| 000 | 01105njm a2200313Ia 4500 | ||
|---|---|---|---|
| 001 | 36950 | ||
| 003 | IT-RoPAU | ||
| 005 | 20220918181140.0 | ||
| 008 | 131025s9999 xx 000 0 und d | ||
| 040 | _aIT-RoPAU | ||
| 040 | _cIT-RoPAU | ||
| 041 | _aINGLESE | ||
| 999 |
_c101178 _d101178 |
||
| 999 | _bSI | ||
| 100 |
_aAnderson Laurie _91097 |
||
| 100 |
_eAutore musica _919452 |
||
| 100 |
_gCodice autore musica SPICS: 11861 _91099 |
||
| 245 | _aHome of The Brave | ||
| 250 | _a1a ed. | ||
| 260 | _aUSA | ||
| 260 |
_bWARNER BROS RECORDS _c [1a Ed.:1986 - Ed. Lingua Orig.: 1986] |
||
| 300 | _aDISCO | ||
| 300 | _c35 minuti (Testo: pag.) | ||
| 500 | _aColonna sonora del film "Eroi senza gloria". Canzone. | ||
| 505 | _aSmoke Rings - White Lily - Late Show - Talk Normal - Language Is A Virus - Radar - Sharkey's Night - Credit Racket | ||
| 650 |
_aCOLONNA SONORA [DISCHI] _eCodice MATERIA SPICS: 9950 _919453 |
||
| 700 |
_aAnderson Laurie _eAutore testo e musica _gCodice autore testo/musica SPICS: 11861 _919454 |
||
| 700 |
_aAnderson Laurie _gCodice interprete SPICS: 11861 _eInterprete _919455 |
||
| 942 |
_cMD _2ddc |
||